|
|
|
|
| LEADER |
00600cam a2200193 7i4500 |
| 001 |
0000005348 |
| 005 |
19991025090000.0 |
| 002 |
##000006977 |
| 020 |
0 |
0 |
|a T000005484
|
| 090 |
0 |
0 |
|a P 674.8
|b JAP
|
| 110 |
0 |
0 |
|a Japan External Trade Organization
|
| 245 |
1 |
0 |
|a Your market in Japan :
|b Wooden construction materials.
|
| 260 |
0 |
0 |
|a Tokyo:
|b JETRO,
|c 1996.
|
| 300 |
0 |
0 |
|a 33 p..
|
| 500 |
0 |
0 |
|a Library has No. 103, March 1996
|
| 650 |
0 |
0 |
|a Wood products --
|x Construction --
|z Japan
|
| 650 |
0 |
0 |
|a Construction materials --
|x Wood
|
| 651 |
0 |
0 |
|a Japan
|
| 999 |
|
|
|a 0000007840
|b Book
|c Open shelf
|e Business Information Centre
|